000 00290nam a22001337a 4500
008 171108b xxu||||| |||| 00| 0 eng d
020 _a9789951589024
041 _aeng
080 _a618.2
100 _a02
101 _aFAR
245 _aREGJISTRI I BARNAVE 2
_cHOXHA,R
942 _2udc
_cBK
999 _c38255
_d38255